000 00659nam a2200205 a 4500
001 000025960
005 20200930024203.0
008 110224s1997 ag ab r 000 0 spa d
040 _aDO-SdBNP
_bspa
_cBNPHU
082 _a901
_bC416t
100 1 _aCerqueiro, Daniel.
_952838
245 1 0 _aTiwanacu :
_buna nueva revelación /
_cDaniel Cerqueiro.
260 _aBuenos Aires, (Argentina) :
_bEdiciones Pequeña Venecia,
_c1997.
300 _a157 p. :
_bil., mapas ;
_c20 cm.
650 4 _aCivilización
_xHistoria
_94894
650 4 _aTiahuana (bolivia)
_952839
650 4 _aCultura tiahuanaco
_952840
650 4 _aCivilización antigua
_918157
049 _aBNGR
999 _c25452
_d25452